000 00549nam a22001937a 4500
999 _c61679
_d61679
005 20240416151730.0
008 240416s2008 enk||||| |||| 00| 0 eng d
020 _a 9780781745871x
041 _aeng
080 _a612 D-84
100 _aDudek, Ronald W.
_921813
245 _aHigh-Yield Physiology /
_cRonald W. Dudek.
250 _aFirst edition
264 _aPhiladelphia :
_bWolters Kluwer,
_c2008.
300 _a240 p.:
_bill.;
_c25 cm.
653 _aფიზიოლოგია
653 _aმედიცინა
942 _2udc
_cBK